Highest selling female artists - Statistics

General Stats
  • This quiz has been taken 47 times
  • The average score is 12 of 20
Answer Stats
Artist Albums sold % Correct
Beyoncé 113,680,000
95%
Taylor Swift 260,167,000
93%
Madonna 253,830,000
90%
Rihanna 136,738,000
78%
Adele 120,931,000
76%
Whitney Houston 162,697,000
73%
Céline Dion 203,280,000
71%
Mariah Carey 199,274,000
68%
Ariana Grande 97,660,000
66%
Katy Perry 80,337,000
63%
Lady Gaga 102,599,000
61%
Britney Spears 126,149,000
59%
Shakira 94,002,000
59%
Aretha Franklin 83,515,000
44%
P!nk 87,518,000
44%
Janet Jackson 79,542,000
32%
Shania Twain 85,656,000
29%
Tina Turner 75,873,000
29%
Barbra Streisand 154,175,000
27%
Enya 91,811,000
15%
No matching quizzes found
Score Distribution
Percent of People with Each Score
Percentile by Number Answered
Your Score History
You have not taken this quiz